• 首页
  • 本馆介绍
  • 公告通知
  • 最新文献
  • 馆藏检索
  • 电子资源
  • 读者荐购
  • 参考咨询
  • CALIS
  • 我的图书馆
  • 登录
  • 详细信息显示
  • 放入我的书架
  • 预约/预借图书
  • 作者相关作品
  • 分类相关作品
  • 丛书相关作品
  • 出版社相关作品

书目信息

  • 表格格式
  • 工作单格式
  • 卡片格式
题名:
手绘前沿
    
 
作者: 李林 著
分册:  
出版信息: 沈阳   辽宁科学技术出版社  2010.05
页数: 161页
开本: 21×29cm
丛书名:
单 册:
中图分类: TU986.2
科图分类:
主题词: 景观--jing guan--园林设计--建筑制图--技法 (美术)
电子资源:
ISBN: 978-7-5381-6416-9
 
 
 
 
 
000 01065nam0 2200253 450
001 012010339390
005 20101221191637.29
010    @a978-7-5381-6416-9@dCNY78.00
100    @a20101221d2010 em y0chiy0120 ea
101 0  @achi
102    @aCN@b210000
105    @aa z 000yy
106    @ar
200 1  @a手绘前沿@Ashou hui qian yan@e景观规划设计中的绘画实践@d= The edge of hand-drawing@edrawing practice of landscape plan and design@f李林著@Fli lin zhu@zeng
210    @a沈阳@c辽宁科学技术出版社@d2010.05
215    @a161页@c图 (部分彩图)@d21×29cm
330    @a本书介绍了景观规划设计中的绘画知识,内容包括绘画前期的准备、开始你的绘画、绘画中需要解决的问题、分类专题研究、作品赏析等。
510 1  @aEdge of hand-drawing@edrawing practice of landscape plan and design@zeng
517 1  @a景观规划设计中的绘画实践@Ajing guan gui hua she ji zhong de hui hua shi jian
606 0  @a景观@Ajing guan@x园林设计@x建筑制图@x技法 (美术)
690    @aTU986.2@v4
701  0 @a李林@Ali lin@4著
801  0 @aCN@bQSSK@c20101221
905    @b790252-53@dTU986.2@eL205@f2
    
    手绘前沿:景观规划设计中的绘画实践= The edge of hand-drawing:drawing practice of landscape plan and design/李林著.-沈阳:辽宁科学技术出版社,2010.05
    161页:图 (部分彩图);21×29cm
    
    
    ISBN 978-7-5381-6416-9:CNY78.00
    本书介绍了景观规划设计中的绘画知识,内容包括绘画前期的准备、开始你的绘画、绘画中需要解决的问题、分类专题研究、作品赏析等。
●
相关链接 在E读中查询图书 在当当中查询图书 在豆瓣中查询图书


正题名:手绘前沿     索取号:TU986.2/L205         预约/预借

序号 登录号 条形码 馆藏地/架位号 状态 备注
1 790252   207902527   建筑库201/201建筑库 98排2列5层/ [索取号:TU986.2/L205] 在馆    
2 790253   207902536   建筑库201/201建筑库 98排2列5层/ [索取号:TU986.2/L205] 在馆    
河南城建学院图书馆 欢迎您!
大连网信软件有限公司© 版权所有